School's Out! Quiz Stats

 Plays Quiz Updated Jun 14, 2019

Score 0/40 Timer 10:00
4 Plays Today
Phrase School % Correct
__CIFIC   O__ANPace
92.5%
CHRIST_AS   G_F_MIT
85.1%
AF___AN   VIOL_TRice
85.1%
_ENTRA_    P___Clark
83.7%
M____IAL    DA_Emory
83.5%
__NFE_E_C_   CA__Cornell
82.7%
_E_UT_   PAR___Baylor
82%
B_   _ND   _ARG_Yale
81.7%
_O_BLEDEC__RDuke
81.5%
GENERA_   THE_R_   _F   RE__TIVITYLoyola
80.7%
__TASSIU_   CARB___TEPomona
80.1%
__TOMO_ILE   INS__A_CEAuburn
77.8%
__U_T   W___INGTONMonash
77.8%
__ND   A   _ELP_N_   _ANDLehigh
77.6%
_RIANG___R    _UMB_RSTulane
76.5%
SEA_   OF   _PPRO___Laval
75.5%
_ANK   _F   E_GLAN_Bond
73.8%
LI_E   S_PPO_T   __CHI_EFurman
72.3%
S_H_O_   LI_RAR_Colby
71.8%
_H_NCE_LOR    OF    _H_    EX__EQUERCal Tech
67.4%
Phrase School % Correct
PO__   FU_   A_Kent
67.3%
NO_EL   L_UREA___Bates
65.5%
A_ERI_AN   __R_   DO_LSMcGill
64.3%
CA_AWAY   S___Reed
62.1%
_R_E    _ALSE    _E_TTufts
60.5%
TO__CCO   _OA_Bard
59.3%
S__RT   __VE   _A_IO Howard
56.2%
NU___AR   _AGNETIC   RE___ANCEClemson
55.9%
___LE_E   GR_DUA__Colgate
55.2%
_AY   YO__   ___SPurdue
54.4%
__IDGET___Brown
51.9%
_CTO___   REVO_UT_O_Oberlin
51.8%
_____IPLE   OF   L_AS_   ACTI__Princeton
50.2%
_RO_AT___API__Amherst
49.2%
_E_M__AL   VELOC___Trinity
47.9%
XEN_N  HE_A_LU__I_EOxford
40.2%
__OD   _RAT   D_MO__TRANDUMQueen's
32%
_EP_N   _HE   SHOR_Pitt
29.1%
A_ELA_D    ___    H_LO__EBrandeis
25.4%
____MI_ST_RFU__ERENEBucknell
14.5%

You're not logged in!

Compare scores with friends on all Sporcle quizzes.
OR
Log In

Sporcle TV

Today on Sporcle TV


Watch our educational content, quiz creation guides, and fun videos on Sporcle TV.

Show Comments

Extras

Top Quizzes Today


Score Distribution

Your Account Isn't Verified!

In order to create a playlist on Sporcle, you need to verify the email address you used during registration. Go to your Sporcle Settings to finish the process.

Report this User

Report this user for behavior that violates our Community Guidelines.

Details: